Por tierras de Portugal y de España
Shranjeno v:
| Glavni avtor: | |
|---|---|
| Format: | Knjiga |
| Jezik: | Undetermined |
| Izdano: |
Buenos Aires, Argentina
Espasa-Calpe
1941
|
| Teme: | |
| Oznake: |
Označite
Brez oznak, prvi označite!
|
MARC
| LEADER | 00000nam a2200000Ia 4500 | ||
|---|---|---|---|
| 008 | 170316s9999 xx 000 0 und d | ||
| 090 | |a 862 U-2p | ||
| 100 | |a Unamuno, Miguel de | ||
| 245 | |a Por tierras de Portugal y de España | ||
| 260 | |a Buenos Aires, Argentina | ||
| 260 | |b Espasa-Calpe | ||
| 260 | |c 1941 | ||
| 300 | |a 197 páginas | ||
| 650 | |a LITERATURA ESPAÑOLA | ||
| 999 | |c 25876 |d 25876 | ||
| 040 | |a cru BVZT | ||
| 942 | |c 15 D |h 862 U-2p |2 z | ||
